000 00509nam a2200205Ia 4500
005 20240823032527.0
008 240823s9999||||xx |||||||||||||| ||und||
020 _a978-81-315-0531-1
041 _aENGLISH
082 _A380.7 P9
100 _a"Hoffman,Douglas K"
245 0 _aMarketing of Services
250 _a1st
260 _c2009
_bCengage Learning
_aNew Delhi
500 _aYES
650 _aManagement
_bManagement Studies
700 _a" Bateson,John E G"
942 _cBK
999 _c193644
_d193644